LEADER 01318nam 2200361 450 001 990000783710203316 035 $a0078371 035 $aUSA010078371 035 $a(ALEPH)000078371USA01 035 $a0078371 100 $a20011130d1982----km-y0itay0103----ba 101 $aita 102 $aIT 105 $a||||||||001yy 200 1 $a<> mobilità dei lavoratori e la disciplina del collocamento$eil trasferimento di atleti tra società sportive$eatti del'11. congresso nazionale e della tavola rotonda$ePrato 9-11 ottobre 1981 210 $aMilano$cGiuffrè$d1982 215 $aXI, 347 p$d26 cm 225 2 $aCentro nazionale studi di diritto del lavoro Domenico Napoletano$v4 410 $12001$aCentro nazionale studi di diritto del lavoro Domenico Napoletano$v4 606 0 $aCollocamento$xDiritto$xCongressi$z1981 606 0 $aLavoratori$xMobilità$xCongressi$z1981 606 0 $aCongressi$yPrato$z1981 676 $a344.1 801 0$aIT$bsalbc$gISBD 912 $a990000783710203316 951 $aCOLL. GAF 4$b17639 G$cCOLL. GAF 959 $aBK 969 $aGIU 979 $aPATTY$b90$c20011130$lUSA01$h1528 979 $c20020403$lUSA01$h1725 979 $aPATRY$b90$c20040406$lUSA01$h1654 996 $aMobilità dei lavoratori e la disciplina del collocamento$9617488 997 $aUNISA LEADER 01151nam 2200349z- 450 001 9910689616103321 005 20161209103930.0 035 $a(CKB)4920000000790587 035 $a(BIP)011007474 035 $a(EXLCZ)994920000000790587 100 $a20220104c2004uuuu -u- - 101 0 $aeng 200 14$aThe Worldcom case $elooking at bankruptcy and competition issues : hearing before the Committee on the Judiciary, United States Senate, One Hundred Eighth Congress, first session, July 22, 2003 215 $a1 online resource (iii, 149 p.) $cill 311 $a0-16-071479-6 517 $aWorldcom case 606 $aBankruptcy$zUnited States$xCriminal provisions 606 $aBusiness failures$zUnited States 606 $aCompetition$zUnited States 610 $aBankruptcy 610 $aBusiness failures 610 $aCompetition 610 $aUnited States 610 $aLaw 610 $aBusiness & economics 615 0$aBankruptcy$xCriminal provisions. 615 0$aBusiness failures 615 0$aCompetition 906 $aBOOK 912 $a9910689616103321 996 $aThe Worldcom case$93211403 997 $aUNINA